[Event "Open Pacific Ocean"]
[Site "SchemingMind.com"]
[Date "2011.09.21"]
[Round "-"]
[White "Aadsje"]
[Black "Yellow"]
[Result "1/2-1/2"]
[WhiteCountry "NED"]
[BlackCountry "INT"]
[WhiteElo "2184"]
[WhiteRD "51"]
[BlackElo "2340"]
[BlackRD "63"]
[GameID "293433"]

1. e4 e5 2. Nf3 Nc6 3. Bb5 a6 4. Ba4 Nf6 5. O-O Bc5 6. c3 b5 7. Bc2 d6 8. d4 Bb6 9. a4 Bg4 10. d5 Ne7
11. axb5 axb5 12. Rxa8 Qxa8 13. Na3 O-O 14. Nxb5 c6 15. dxc6 Qxc6 16. Qd3 Bxf3 17. gxf3 d5 18. Qe2 Ng6 19. Rd1 d4 20. cxd4 Nh5
21. d5 Qc8 22. Bd3 Ngf4 23. Bxf4 Nxf4 24. Qc2 Nh3+ 25. Kf1 Qd8 26. Ke2 Qh4 27. Rf1 Nxf2 28. Qc6 Nxd3 29. Kxd3 Qh3 30. Re1 Qxf3+
31. Kd2 Rb8 32. b4 Qb3 33. Nc3 Qxb4 34. Kc2 Qd4 35. Rd1 Qf2+ 36. Rd2 Qf3 37. d6 Ba5 38. d7 Rd8 39. Rd3 Qg2+ 40. Rd2 Qg4
41. Qd5= Bxc3 42. Kxc3 Qg1 43. Kc2 Qa1 44. Rd3 h6 45. h4 h5 46. Kd2 Qb2+ 47. Kd1 Qb1+ 48. Ke2=
1/2-1/2

[Event "Open Pacific Ocean"]
[Site "SchemingMind.com"]
[Date "2011.09.23"]
[Round "-"]
[White "emvarela"]
[Black "Yellow"]
[Result "0-1"]
[WhiteCountry "ARG"]
[BlackCountry "INT"]
[WhiteElo "1787"]
[WhiteRD "47"]
[BlackElo "2351"]
[BlackRD "62"]
[GameID "293434"]

1. e4 e5 2. Nf3 Nc6 3. d4 exd4 4. c3 dxc3 5. Bc4 d6 6. Nxc3 Nf6 7. Qb3 Qd7 8. Ng5 Ne5 9. O-O h6 10. Nd5 hxg5
11. Bxg5 Nxe4 12. Be3 c6 13. Rfe1 Nxc4 14. Qxc4 cxd5 15. Qxd5 Qf5 16. Qxf5 Bxf5 17. f3 Nf6 18. Bxa7+ Kd7 19. Bd4 Nd5 20. a3 Rc8
21. g4 Bd3 22. Rac1 Rxc1 23. Rxc1 Rh3
0-1

[Event "Open Pacific Ocean"]
[Site "SchemingMind.com"]
[Date "2011.09.21"]
[Round "-"]
[White "otsenrechess"]
[Black "Yellow"]
[Result "0-1"]
[WhiteCountry "HUN"]
[BlackCountry "INT"]
[WhiteElo "2136"]
[WhiteRD "52"]
[BlackElo "2343"]
[BlackRD "68"]
[GameID "293435"]

1. e4 e5 2. Nf3 Nc6 3. Bb5 a6 4. Bxc6 dxc6 5. O-O Qd6 6. Na3 Be6 7. Qe2 f6 8. Rd1 Bg4 9. Nc4 Qe6 10. Ne3 Bh5
11. d3 O-O-O 12. Bd2 Ne7 13. Bc3 Bf7 14. a4 c5 15. b4 Ng6 16. b5 Nf4 17. Qf1 Bh5 18. bxa6 bxa6 19. Rab1 Bxf3 20. gxf3 Qe8
21. Bd2 Qh5 22. Ng4 Qh3 23. Qxh3 Nxh3+ 24. Kf1 c4 25. dxc4 Bc5 26. Ne3 Rd4 27. Ba5 Rhd8 28. Re1 Ng5 29. Kg2 Ne6 30. Rb2 Kd7
31. Reb1 Kc6 32. Bc3 R4d7 33. Nd5 h6 34. Bd2 Rf8 35. c3 f5 36. exf5 Rxf5 37. Rb8 Rf8 38. a5 Rxb8 39. Rxb8 Rd6 40. Bc1 Kd7
41. Ra8 Rc6 42. Be3 Ba3
0-1

[Event "Open Pacific Ocean"]
[Site "SchemingMind.com"]
[Date "2011.09.21"]
[Round "-"]
[White "assegai"]
[Black "Yellow"]
[Result "0-1"]
[WhiteCountry "ENG"]
[BlackCountry "INT"]
[WhiteElo "1790"]
[WhiteRD "65"]
[BlackElo "2340"]
[BlackRD "63"]
[GameID "293436"]

1. e4 e5 2. Nf3 Nc6 3. Bc4 Bc5 4. c3 Nf6 5. d4 exd4 6. cxd4 Bb4+ 7. Nc3 Nxe4 8. Qb3 O-O 9. O-O Nxc3 10. bxc3 Be7
11. Re1 Na5 12. Qa4 Nxc4 13. Qxc4 d5 14. Qb3 b6 15. Bb2 Bd6 16. g3 Be6 17. Qc2 Re8 18. h4 Qf6 19. Ng5 Qf5 20. Qxf5 Bxf5
21. Nf3 c6 22. Kg2 Be4 23. Re3 f5 24. Rae1 Kf8 25. Bc1 c5 26. dxc5 bxc5 27. Bd2 Rab8 28. Bc1 d4 29. cxd4 cxd4 30. R3e2 d3
31. Rb2 Rxb2 32. Bxb2 Bxf3+
0-1

[Event "Open Pacific Ocean"]
[Site "SchemingMind.com"]
[Date "2011.09.20"]
[Round "-"]
[White "flammablepawn"]
[Black "Yellow"]
[Result "0-1"]
[WhiteCountry "USA"]
[BlackCountry "INT"]
[WhiteElo "1933"]
[WhiteRD "66"]
[BlackElo "2340"]
[BlackRD "63"]
[GameID "293437"]

1. b4 d5 2. Bb2 Nf6 3. Nf3 Nbd7 4. e3 e6 5. b5 a6 6. a4 Bd6 7. Be2 O-O 8. c4 dxc4 9. Bxc4 Nb6 10. Be2 axb5
11. axb5 Rxa1 12. Bxa1 Qe7 13. O-O e5 14. d4 e4 15. Nfd2 Nfd5 16. Qc2 f5 17. Nc4 f4 18. Nxb6 f3 19. Nxd5 Bxh2+ 20. Kxh2 Qh4+
21. Kg1 Qg4
0-1

[Event "Open Pacific Ocean"]
[Site "SchemingMind.com"]
[Date "2011.09.24"]
[Round "-"]
[White "David Carter"]
[Black "loco61"]
[Result "1-0"]
[WhiteCountry "USA"]
[BlackCountry "ENG"]
[WhiteElo "2098"]
[WhiteRD "69"]
[BlackElo "1657"]
[BlackRD "67"]
[GameID "293763"]

1. c4 e5 2. Nc3 Nc6 3. e3 Nf6 4. d4 exd4 5. exd4 Be7 6. Nf3 O-O 7. Bd3 d6 8. h3 a6 9. O-O Nb4 10. Bb1 Bd7
11. a3 b5 12. axb4 bxc4 13. Qc2 d5 14. Ne5 g6 15. Bh6 Re8 16. Nxd7 Qxd7 17. b3 Bxb4 18. bxc4 c6 19. cxd5 Nxd5 20. Nxd5 Qxd5
21. Be3 a5 22. Ba2 Qd6 23. Rac1 Rac8 24. Qc4 Re7 25. Bb3 Kg7 26. d5 c5 27. Bf4 Qf6 28. d6 Rd7 29. Ba4 Rxd6 30. Bxd6 Qxd6
31. Rfd1 Qe6 32. Qf4 f5 33. Bd7 Qa6 34. Bxc8 Qxc8 35. Qe5+ Kf7 36. Rd6 Qe8 37. Rf6+
1-0

[Event "Open Pacific Ocean"]
[Site "SchemingMind.com"]
[Date "2011.09.26"]
[Round "-"]
[White "David Carter"]
[Black "mark"]
[Result "1-0"]
[WhiteCountry "USA"]
[BlackCountry "GBR"]
[WhiteElo "2092"]
[WhiteRD "69"]
[BlackElo "1471"]
[BlackRD "105"]
[GameID "293764"]

1. c4 Nc6 2. Nc3 d6 3. d4 e5 4. Nf3 Bg4 5. d5 Nce7 6. Qb3 Nf5 7. Qb5+ Qd7 8. Qxb7 Rc8 9. e3 Nf6 10. c5 Bxf3
11. gxf3 c6 12. dxc6 Qxc6 13. Bb5 Qxb5 14. Qxb5+ Nd7 15. c6 Nc5 16. c7+ Nd7 17. Qb7 Ne7 18. Nb5 Nc5 19. Qxa7 Nc6 20. Qb6 Nb4
21. Bd2 Nc2+ 22. Ke2 Nxa1 23. Qc6+ Nd7 24. Na7 Nc2 25. Nxc8 Be7 26. Nxd6+ Bxd6 27. c8=Q+ Ke7 28. Q6xd7+
1-0

[Event "Open Pacific Ocean"]
[Site "SchemingMind.com"]
[Date "2011.09.24"]
[Round "-"]
[White "David Carter"]
[Black "Manuel Angel"]
[Result "1-0"]
[WhiteCountry "USA"]
[BlackCountry "ESP"]
[WhiteElo "2092"]
[WhiteRD "69"]
[BlackElo "1957"]
[BlackRD "77"]
[GameID "293765"]

1. c4 e5 2. Nc3 Nf6 3. Nf3 Nc6 4. d4 exd4 5. Nxd4 Bb4 6. Bg5 O-O 7. Rc1 h6 8. Bh4 Re8 9. e3 Nxd4 10. Qxd4 g5
11. Bg3 d6 12. Be2 Ne4 13. O-O Bxc3 14. bxc3 Qe7 15. Bf3 b6 16. Bxe4 Qxe4 17. Rfe1 Ba6 18. f3 Qc6 19. h4 Qxc4 20. hxg5 hxg5
21. Qf6 Qc5 22. Kf2 Re6 23. Qd4 Qc4 24. Rc2 Rh6 25. e4 f6 26. Qd5+
1-0

[Event "Open Pacific Ocean"]
[Site "SchemingMind.com"]
[Date "2011.09.24"]
[Round "-"]
[White "David Carter"]
[Black "Aadsje"]
[Result "1/2-1/2"]
[WhiteCountry "USA"]
[BlackCountry "NED"]
[WhiteElo "2022"]
[WhiteRD "81"]
[BlackElo "1939"]
[BlackRD "72"]
[GameID "293766"]

1. c4 e6 2. e4 d5 3. exd5 exd5 4. d4 Nf6 5. Nc3 Be7 6. Nf3 O-O 7. Bd3 Nc6 8. O-O Nb4 9. cxd5 Nxd3 10. Qxd3 Nxd5
11. Nxd5 Qxd5 12. Bf4 Bf5 13. Qc3 Bd6 14. Bxd6 cxd6 15. Qb3=
1/2-1/2

[Event "Open Pacific Ocean"]
[Site "SchemingMind.com"]
[Date "2011.09.25"]
[Round "-"]
[White "David Carter"]
[Black "emvarela"]
[Result "1-0"]
[WhiteCountry "USA"]
[BlackCountry "ARG"]
[WhiteElo "2098"]
[WhiteRD "69"]
[BlackElo "1774"]
[BlackRD "47"]
[GameID "293767"]

1. c4 c5 2. Nf3 Nf6 3. e3 Nc6 4. d4 e6 5. d5 exd5 6. cxd5 Nb4 7. Nc3 d6 8. a3 Qa5 9. axb4 Qxa1 10. Nd2 a5
11. Nb3 axb4 12. Nxa1 Rxa1 13. Bb5+ Bd7 14. Bxd7+ Kxd7 15. Ne2 Be7 16. O-O Rha8 17. Qd3 R1a5 18. g4 g6 19. g5 Nh5 20. f4 b5
21. e4 f6 22. f5
1-0

[Event "Open Pacific Ocean"]
[Site "SchemingMind.com"]
[Date "2011.09.24"]
[Round "-"]
[White "David Carter"]
[Black "Yellow"]
[Result "1-0"]
[WhiteCountry "USA"]
[BlackCountry "INT"]
[WhiteElo "2150"]
[WhiteRD "73"]
[BlackElo "2183"]
[BlackRD "69"]
[GameID "293768"]

1. c4 g6 2. Nc3 Bg7 3. d4 d6 4. e4 Nc6 5. Be3 Nf6 6. d5 Nb8 7. Nf3 O-O 8. h3 e6 9. Bd3 Na6 10. O-O Nc5
11. Bc2 Nfd7 12. Qd2 a5 13. Bh6 e5 14. Bxg7 Kxg7 15. Nh2 Qe7 16. Rae1 Rd8 17. b3 Nb6 18. f4 f6 19. Qf2 exf4 20. Qxf4 Bd7
21. Re3 Re8 22. Ref3 Rf8 23. Nd1 Qe5 24. Ne3 Qxf4 25. Rxf4 Rae8 26. Nhg4 Bxg4 27. Nxg4 Nbd7 28. h4 h5 29. Nf2 Re7 30. g4 Rh8
31. gxh5 Rxh5 32. Kg2 Rh6 33. Kg3 Ne5 34. Bd1 Re8 35. Bc2 Reh8 36. Bd1 g5 37. hxg5 fxg5 38. Rf5 Kg6 39. Bf3 Rh4 40. Bd1 Ncd7
41. Bf3 a4 42. Bd1
1-0

[Event "Open Pacific Ocean"]
[Site "SchemingMind.com"]
[Date "2011.09.24"]
[Round "-"]
[White "David Carter"]
[Black "otsenrechess"]
[Result "1/2-1/2"]
[WhiteCountry "USA"]
[BlackCountry "HUN"]
[WhiteElo "2092"]
[WhiteRD "69"]
[BlackElo "2136"]
[BlackRD "49"]
[GameID "293769"]

1. c4 e6 2. e4 c5 3. Nc3 Nc6 4. Nf3 Nf6 5. Be2 d5 6. exd5 exd5 7. d4 Be6 8. cxd5 Nxd5 9. O-O Be7 10. Nxd5 Qxd5
11. Be3 cxd4 12. Nxd4 Nxd4 13. Qxd4 Qxd4 14. Bxd4 O-O 15. Bf3 Rad8 16. Rfd1 b6 17. Bc3 f6 18. Re1 Kf7 19. a3 Rd7 20. Rad1 Rxd1=
1/2-1/2

[Event "Open Pacific Ocean"]
[Site "SchemingMind.com"]
[Date "2011.09.24"]
[Round "-"]
[White "David Carter"]
[Black "assegai"]
[Result "1-0"]
[WhiteCountry "USA"]
[BlackCountry "ENG"]
[WhiteElo "2098"]
[WhiteRD "69"]
[BlackElo "1790"]
[BlackRD "65"]
[GameID "293770"]

1. c4 b6 2. e4 e6 3. d4 Bb7 4. Bd3 f5 5. exf5 Bb4+ 6. Kf1 Nf6 7. fxe6 O-O 8. Be3 dxe6 9. Nf3 Nc6 10. a3 Be7
11. h3 h6 12. Nbd2 Bd6 13. c5 bxc5 14. dxc5 Bxc5 15. Qb3 Bxe3 16. fxe3 Bc8 17. Kg1 Rb8 18. Qc2 Qd7 19. Rd1 Rd8 20. Nc4 Qe7
21. Kh2 Bb7 22. Rhf1 e5 23. Nh4 Qe6 24. Bf5 Qf7 25. Ng6 Ba6 26. Ncxe5 Nxe5 27. Nxe5 Qe8 28. Rxd8 Rxd8 29. Nc4 Qc6 30. Rc1 Bxc4
31. Qxc4+ Qxc4 32. Rxc4 Nd5 33. Be6+ Kh7 34. Rd4 c6 35. e4 Nc7 36. Bf5+
1-0

[Event "Open Pacific Ocean"]
[Site "SchemingMind.com"]
[Date "2011.09.24"]
[Round "-"]
[White "David Carter"]
[Black "flammablepawn"]
[Result "1-0"]
[WhiteCountry "USA"]
[BlackCountry "USA"]
[WhiteElo "2098"]
[WhiteRD "69"]
[BlackElo "1933"]
[BlackRD "66"]
[GameID "293771"]

1. c4 e6 2. e4 d5 3. exd5 exd5 4. d4 c6 5. Nc3 Nf6 6. Bd3 Be7 7. Nf3 O-O 8. O-O Bg4 9. Be3 Nbd7 10. cxd5 Nxd5
11. Nxd5 cxd5 12. h3 Be6 13. Rc1 Rc8 14. Rxc8 Qxc8 15. Ng5 Bxg5 16. Bxg5 f6 17. Bf4 Bf7 18. Qa4 a6 19. Rc1 Qd8 20. Bf5 Nb6
21. Qb4 Nc4 22. b3
1-0

[Event "Open Pacific Ocean"]
[Site "SchemingMind.com"]
[Date "2011.09.24"]
[Round "-"]
[White "loco61"]
[Black "David Carter"]
[Result "0-1"]
[WhiteCountry "ENG"]
[BlackCountry "USA"]
[WhiteElo "1657"]
[WhiteRD "67"]
[BlackElo "2098"]
[BlackRD "69"]
[GameID "293772"]

1. e4 e6 2. d4 d5 3. e5 c5 4. Be3 cxd4 5. Bxd4 Nc6 6. Nf3 Nxd4 7. Nxd4 Ne7 8. Bd3 Nc6 9. Nxc6 bxc6 10. Nc3 Qg5
11. Qf3 Qxe5+ 12. Qe3 Qxe3+ 13. fxe3 Rb8 14. b3 Be7 15. a3 Bf6 16. Kd2 e5 17. e4 Be6 18. exd5 cxd5 19. Nb5 e4 20. Be2 Bxa1
21. Rxa1 a5 22. a4 Ke7 23. h3 f5 24. Ke3 Rbc8 25. Rc1 Kf6 26. Nd6 Rc6 27. Nb5 Ke5 28. g3 Rhc8 29. c3 g5 30. Kd2 Rc5
31. Nd4 f4 32. gxf4+ gxf4 33. Nxe6 Kxe6 34. Bg4+ Ke5 35. Bxc8 Rxc8 36. b4 axb4 37. cxb4 e3+ 38. Kd1 e2+ 39. Kd2 Rxc1 40. Kxc1 e1=Q+
0-1

[Event "Open Pacific Ocean"]
[Site "SchemingMind.com"]
[Date "2011.09.24"]
[Round "-"]
[White "mark"]
[Black "David Carter"]
[Result "0-1"]
[WhiteCountry "GBR"]
[BlackCountry "USA"]
[WhiteElo "1471"]
[WhiteRD "105"]
[BlackElo "2092"]
[BlackRD "69"]
[GameID "293773"]

1. Nc3 d5 2. e3 c5 3. Bb5+ Bd7 4. Qe2 Nf6 5. b3 Nc6 6. Nf3 e6 7. Bb2 Bd6 8. O-O a6 9. Bxc6 Bxc6 10. Nd1 Qc7
11. h3 e5 12. d3 e4 13. dxe4 Nxe4 14. Qd3 O-O 15. c4 dxc4 16. Qxc4 b5 17. Qd3 Rad8 18. Nc3 Bh2+ 19. Nxh2 Rxd3 20. f4 Nxc3
21. Bxc3 Rxc3 22. Nf3 Rxe3 23. Ne5 Re2 24. Rf2 Rxf2 25. Kxf2 f6 26. Nd3 c4 27. bxc4 bxc4 28. Nc5 Qxf4+
0-1

[Event "Open Pacific Ocean"]
[Site "SchemingMind.com"]
[Date "2011.09.24"]
[Round "-"]
[White "Manuel Angel"]
[Black "David Carter"]
[Result "0-1"]
[WhiteCountry "ESP"]
[BlackCountry "USA"]
[WhiteElo "2017"]
[WhiteRD "82"]
[BlackElo "2098"]
[BlackRD "69"]
[GameID "293774"]

1. e4 e6 2. d4 d5 3. Nc3 Bb4 4. e5 c5 5. a3 Bxc3+ 6. bxc3 Qc7 7. Qg4 f5 8. Qg3 cxd4 9. cxd4 Ne7 10. c3 O-O
11. Ne2 b6 12. Nf4 Qd7 13. a4 Ba6 14. Bb5 Bxb5 15. axb5 a5 16. h4 Ra7 17. h5 Nc8 18. h6 Qe8 19. Ba3 Rff7
0-1

[Event "Open Pacific Ocean"]
[Site "SchemingMind.com"]
[Date "2011.09.24"]
[Round "-"]
[White "Aadsje"]
[Black "David Carter"]
[Result "1-0"]
[WhiteCountry "NED"]
[BlackCountry "USA"]
[WhiteElo "2106"]
[WhiteRD "55"]
[BlackElo "1983"]
[BlackRD "79"]
[GameID "293775"]

1. d4 d5 2. c4 e6 3. Nc3 Nf6 4. Bg5 Be7 5. Nf3 O-O 6. e3 h6 7. Bxf6 Bxf6 8. Rc1 b6 9. Bd3 Bb7 10. cxd5 exd5
11. O-O Re8 12. b4 c6 13. Qb3 Qd6 14. e4 Bxd4 15. Nxd4 dxe4 16. Nf5
1-0

[Event "Open Pacific Ocean"]
[Site "SchemingMind.com"]
[Date "2011.09.25"]
[Round "-"]
[White "emvarela"]
[Black "David Carter"]
[Result "0-1"]
[WhiteCountry "ARG"]
[BlackCountry "USA"]
[WhiteElo "1787"]
[WhiteRD "47"]
[BlackElo "2092"]
[BlackRD "69"]
[GameID "293776"]

1. e4 e6 2. d4 d5 3. Nc3 Bb4 4. e5 c5 5. a3 Bxc3+ 6. bxc3 Qc7 7. Qg4 f5 8. Qg3 cxd4 9. cxd4 Ne7 10. Bd2 O-O
11. Bd3 b6 12. Ne2 Ba6 13. Bxa6 Nxa6 14. Bh6 Ng6 15. Bd2 Qxc2 16. Rc1 Qe4 17. f4 Rac8 18. Kf2 Rc2 19. Rxc2 Qxc2 20. Qe3 Qa4
21. Rc1 Ne7 22. Nc3 Qd7 23. Qd3 Nc7 24. Na2 Rc8 25. Bb4 Nc6 26. Bd6 Ne8 27. Nb4 Nxb4
0-1

[Event "Open Pacific Ocean"]
[Site "SchemingMind.com"]
[Date "2011.09.24"]
[Round "-"]
[White "Yellow"]
[Black "David Carter"]
[Result "0-1"]
[WhiteCountry "INT"]
[BlackCountry "USA"]
[WhiteElo "2183"]
[WhiteRD "69"]
[BlackElo "2150"]
[BlackRD "73"]
[GameID "293777"]

1. Nf3 d5 2. c4 e6 3. d4 Nf6 4. Nc3 Be7 5. Bg5 O-O 6. e3 h6 7. Bh4 b6 8. Bd3 Bb7 9. Rc1 Nbd7 10. O-O c5
11. Qe2 a6 12. cxd5 exd5 13. dxc5 bxc5 14. Rfd1 Re8 15. Bf5 g6 16. Bc2 Qb6 17. Bb3 c4 18. Ba4 Red8 19. Nd4 Nc5 20. Rb1 Rac8
21. Bc2 Re8 22. Na4 Nxa4 23. Bxa4 Red8 24. Bc2 Kg7 25. Qf3 Bc5 26. b3 c3 27. b4 Be7 28. b5 a5 29. Qg3 Re8 30. Nf5+ Kh7
31. Nxe7 Rxe7 32. Bxf6 Qxf6 33. Rd4 Rc4 34. Rxc4 dxc4 35. h4 Be4 36. Bxe4 Rxe4 37. h5 gxh5 38. Qf3 Qxf3 39. gxf3 Re5 40. a4 Rd5
41. Rc1 Rd3 42. Kg2 Kg6 43. b6 Rd6 44. Rxc3 Rxb6 45. Rxc4 Rb4 46. Rxb4 axb4 47. a5 b3 48. a6 b2 49. a7 b1=Q 50. a8=Q Qb5
51. Qg8+ Kf6 52. Qd8+ Kg6 53. Qd6+ Kg7 54. Qg3+ Kf6
0-1

[Event "Open Pacific Ocean"]
[Site "SchemingMind.com"]
[Date "2011.09.24"]
[Round "-"]
[White "otsenrechess"]
[Black "David Carter"]
[Result "1/2-1/2"]
[WhiteCountry "HUN"]
[BlackCountry "USA"]
[WhiteElo "2136"]
[WhiteRD "52"]
[BlackElo "2108"]
[BlackRD "69"]
[GameID "293778"]

1. e4 e6 2. d4 d5 3. Nc3 Bb4 4. e5 c5 5. a3 Bxc3+ 6. bxc3 Qc7 7. Qg4 f5 8. Qg3 cxd4 9. cxd4 Ne7 10. Bd2 O-O
11. Bd3 b6 12. Ne2 Ba6 13. Nf4 Qd7 14. h4 Bxd3 15. Qxd3 Rc8 16. Rh3 Rc4 17. Rg3 Nbc6 18. c3 Rf8 19. a4 Na5 20. Kf1 Nb3
21. Ra3 Nxd2+ 22. Qxd2 Kh8 23. h5 Nc6 24. h6 g6 25. Kg1 Rc8 26. Ra1 Na5 27. Ra2 R8c6 28. Qb2 Qc8 29. Qa3 Qe8=
1/2-1/2

[Event "Open Pacific Ocean"]
[Site "SchemingMind.com"]
[Date "2011.09.24"]
[Round "-"]
[White "assegai"]
[Black "David Carter"]
[Result "0-1"]
[WhiteCountry "ENG"]
[BlackCountry "USA"]
[WhiteElo "1790"]
[WhiteRD "65"]
[BlackElo "2098"]
[BlackRD "69"]
[GameID "293779"]

1. e4 e6 2. d4 d5 3. Nc3 Bb4 4. e5 c5 5. a3 Bxc3+ 6. bxc3 Qc7 7. Qg4 f5 8. Qg3 cxd4 9. cxd4 Ne7 10. Bd2 O-O
11. Bd3 b6 12. Ne2 Ba6 13. Nf4 Qd7 14. h4 Bxd3 15. Qxd3 Rc8 16. Rh3 Rc4 17. Rg3 Nbc6 18. Nh5 Ng6 19. c3 Rf8 20. Kf1 Rf7
21. Re1 Na5 22. Rb1 Ra4 23. Bc1 Nc4 24. Rb3 Qc6 25. Kg1 Na5 26. Rb4 Rxb4 27. axb4 Nc4 28. Nf6+ Kh8 29. h5 Ngxe5 30. dxe5 Nxe5
31. Qd4 gxf6 32. h6 Qc4 33. Qxc4 Nxc4 34. Kh2 a5 35. bxa5 bxa5 36. Rd3 Rb7 37. Rd1 Rb1
0-1

[Event "Open Pacific Ocean"]
[Site "SchemingMind.com"]
[Date "2011.09.24"]
[Round "-"]
[White "flammablepawn"]
[Black "David Carter"]
[Result "0-1"]
[WhiteCountry "USA"]
[BlackCountry "USA"]
[WhiteElo "1893"]
[WhiteRD "74"]
[BlackElo "2108"]
[BlackRD "69"]
[GameID "293780"]

1. b4 d5 2. Bb2 Bg4 3. Nf3 Bxf3 4. exf3 e6 5. Be2 Nf6 6. O-O Bxb4 7. d3 Nbd7 8. Nd2 Bd6 9. c4 c6 10. cxd5 exd5
11. Re1 O-O 12. g3 Re8 13. f4 Qc7 14. Bf3 Rxe1+ 15. Qxe1 Re8 16. Qc1 c5 17. Qf1 b5 18. Re1 Rxe1 19. Qxe1 h5 20. Nb3 h4
21. Qa5 Qxa5 22. Nxa5 c4 23. dxc4 bxc4 24. Bd4 Bc5 25. Bxc5 Nxc5 26. Nc6 c3 27. Nd4 hxg3 28. hxg3 Ne6 29. Nc2 d4 30. Be2 g6
31. Kg2 Nd7 32. Ne1 Nec5 33. Bd3 Nxd3 34. Nxd3 c2 35. Kf1 Nc5
0-1